000 00663cam a2200145 4500500
005 20251228052419.0
041 _afre
042 _adc
100 1 0 _aEboko, Fred
_eauthor
245 0 0 _aFASSIN, Didier (dir.). — Afflictions. L’Afrique du Sud, de l’apartheid au sida. Paris, Karthala (« Hommes et Sociétés »), 2004, 295 p. (Avant-propos de Malegapuru William MAKGOBA, Postface de Paul FARMER).
260 _c2005.
500 _a50
786 0 _nCahiers d'études africaines | 178 | 2 | 2005-06-01 | p. 585e-620e | 0008-0055
856 4 1 _uhttps://shs.cairn.info/revue-cahiers-d-etudes-africaines-2005-2-page-585e?lang=fr&redirect-ssocas=7080
999 _c1583501
_d1583501